| 000 | 00000nam 2200000za 4500 |
| 001 | 9.814189 |
| 003 | CaOODSP |
| 005 | 20221107141725 |
| 007 | cr ||||||||||| |
| 008 | 160404s1992 onc |o f|0| 0 fre d |
| 020 | |z0-660-93792-1 |
| 022 | |z0827-0406 |
| 040 | |aCaOODSP|bfre |
| 043 | |an-cn--- |
| 086 | 1 |aCS91-534/1992F-PDF |
| 100 | 1 |aDumas, Jean, |d1931- |
| 245 | 10|aMariage et vie conjugale au Canada |h[ressource électronique] / |cJean Dumas ; Yves Péron. |
| 260 | |aOttawa : |bStatistique Canada, |c1992. |
| 300 | |a167 p. : |bfigures, tableaux. |
| 490 | 1 |aLa conjoncture démographique |
| 500 | |aPubli. aussi en anglais sous le titre : Marriage and conjugal life in Canada. |
| 500 | |aÉdition numérisée de l'imprimé [par Statistique Canada]. |
| 504 | |aComprend des références bibliographiques. |
| 692 | 07|2gccst|aDémographie |
| 692 | 07|2gccst|aMariage |
| 700 | 1 |aPéron, Yves,|d1938- |
| 710 | 2 |aStatistique Canada. |bDivision de la démographie. |
| 775 | 08|tMarriage and conjugal life in Canada |w(CaOODSP)9.814186 |
| 830 | #0|aLa conjoncture démographique.|w(CaOODSP)9.814187 |
| 856 | 40|qPDF|s3.80 Mo|uhttps://publications.gc.ca/collections/collection_2016/statcan/CS91-534-1992-fra.pdf |